Curso fundamental de gramática castellana
Zapisane w:
| 1. autor: | |
|---|---|
| Format: | Książka |
| Język: | Undetermined |
| Wydane: |
San José, Costa Rica
Alma Máter
1986
|
| Hasła przedmiotowe: | |
| Etykiety: |
Dodaj etykietę
Nie ma etykietki, Dołącz pierwszą etykiete!
|
MARC
| LEADER | 00000nam a2200000Ia 4500 | ||
|---|---|---|---|
| 008 | 170316s9999 xx 000 0 und d | ||
| 090 | |a 415-E G-6cu | ||
| 100 | |a González Picado, Jézer | ||
| 245 | |a Curso fundamental de gramática castellana | ||
| 260 | |a San José, Costa Rica | ||
| 260 | |b Alma Máter | ||
| 260 | |c 1986 | ||
| 300 | |a 350 páginas | ||
| 650 | |a GRAMÁTICA ESPAÑOLA | ||
| 999 | |c 18979 |d 18979 | ||
| 040 | |a cru BVZT | ||
| 942 | |c 15 D |h 415-E G-6cu |2 z | ||
